LEADER 03340nam 2200613Ia 450 001 9910140591203321 005 20200520144314.0 010 $a1-118-21152-9 010 $a1-282-69036-1 010 $a9786612690365 010 $a0-470-56764-3 010 $a0-470-56763-5 035 $a(CKB)2670000000014706 035 $a(EBL)514371 035 $a(OCoLC)609862656 035 $a(SSID)ssj0000366205 035 $a(PQKBManifestationID)11290379 035 $a(PQKBTitleCode)TC0000366205 035 $a(PQKBWorkID)10414571 035 $a(PQKB)10462620 035 $a(MiAaPQ)EBC514371 035 $a(Au-PeEL)EBL514371 035 $a(CaPaEBR)ebr10383627 035 $a(CaONFJC)MIL269036 035 $a(PPN)186157746 035 $a(EXLCZ)992670000000014706 100 $a20090626d2010 uy 0 101 0 $aeng 135 $aur|n|---||||| 181 $ctxt 182 $cc 183 $acr 200 00$aStatistical bioinformatics$b[electronic resource] $ea guide for life and biomedical science researchers /$fedited by Jae K. Lee 210 $aHoboken, NJ $cWiley$dc2010 215 $a1 online resource (386 p.) 300 $aDescription based upon print version of record. 311 $a0-471-69272-7 320 $aIncludes bibliographical references and index. 327 $aSTATISTICAL BIOINFORMATICS; CONTENTS; PREFACE; CONTRIBUTORS; 1 ROAD TO STATISTICAL BIOINFORMATICS; 2 PROBABILITY CONCEPTS AND DISTRIBUTIONS FOR ANALYZING LARGE BIOLOGICAL DATA; 3 QUALITY CONTROL OF HIGH-THROUGHPUT BIOLOGICAL DATA; 4 STATISTICAL TESTING AND SIGNIFICANCE FOR LARGE BIOLOGICAL DATA ANALYSIS; 5 CLUSTERING: UNSUPERVISED LEARNING IN LARGE BIOLOGICAL DATA; 6 CLASSIFICATION: SUPERVISED LEARNING WITH HIGH-DIMENSIONAL BIOLOGICAL DATA; 7 MULTIDIMENSIONAL ANALYSIS AND VISUALIZATION ON LARGE BIOMEDICAL DATA; 8 STATISTICAL MODELS, INFERENCE, AND ALGORITHMS FOR LARGE BIOLOGICAL DATA ANALYSIS 327 $a9 EXPERIMENTAL DESIGNS ON HIGH-THROUGHPUT BIOLOGICAL EXPERIMENTS10 STATISTICAL RESAMPLING TECHNIQUES FOR LARGE BIOLOGICAL DATA ANALYSIS; 11 STATISTICAL NETWORK ANALYSIS FOR BIOLOGICAL SYSTEMS AND PATHWAYS; 12 TRENDS AND STATISTICAL CHALLENGES IN GENOMEWIDE ASSOCIATION STUDIES; 13 R AND BIOCONDUCTOR PACKAGES IN BIOINFORMATICS: TOWARDS SYSTEMS BIOLOGY; INDEX 330 $aThis book provides an essential understanding of statistical concepts necessary for the analysis of genomic and proteomic data using computational techniques. The author presents both basic and advanced topics, focusing on those that are relevant to the computational analysis of large data sets in biology. Chapters begin with a description of a statistical concept and a current example from biomedical research, followed by more detailed presentation, discussion of limitations, and problems. The book starts with an introduction to probability and statistics for genome-wide data, and moves into 606 $aBioinformatics$xStatistical methods 606 $aBiology$xData processing 615 0$aBioinformatics$xStatistical methods. 615 0$aBiology$xData processing. 676 $a570.285 701 $aLee$b Jae K$0901228 801 0$bMiAaPQ 801 1$bMiAaPQ 801 2$bMiAaPQ 906 $aBOOK 912 $a9910140591203321 996 $aStatistical bioinformatics$92014283 997 $aUNINA LEADER 04294oam 22008054a 450 001 9910154966903321 005 20201016234937.0 010 $a1-55458-906-1 024 7 $a10.51644/9781554589067 035 $a(CKB)2550000001127047 035 $a(EBL)3289160 035 $a(SSID)ssj0001150901 035 $a(PQKBManifestationID)11615037 035 $a(PQKBTitleCode)TC0001150901 035 $a(PQKBWorkID)11105318 035 $a(PQKB)11190000 035 $a(SSID)ssj0001071249 035 $a(PQKBManifestationID)11600064 035 $a(PQKBTitleCode)TC0001071249 035 $a(PQKBWorkID)11114711 035 $a(PQKB)11489804 035 $a(CEL)446044 035 $a(OCoLC)863054177 035 $a(CaBNVSL)slc00233380 035 $a(MiAaPQ)EBC3289160 035 $a(OCoLC)816764481 035 $a(MdBmJHUP)muse28554 035 $a(PPN)250538628 035 $a(DE-B1597)667256 035 $a(DE-B1597)9781554589067 035 $a(EXLCZ)992550000001127047 100 $a20121107d2013 uy 0 101 0 $aeng 135 $aur|n|---||||| 181 $ctxt 182 $cc 183 $acr 200 10$aEcologies of the Moving Image$b[electronic resource] $eCinema, Affect, Nature /$fAdrian J. Ivakhiv 210 1$aWaterloo, Ontario, Canada :$cWilfrid Laurier University Press,$d[2013] 210 4$dİ2013 210 2$aBeaconsfield, Quebec :$cCanadian Electronic Library,$d2013. 215 $a1 online resource (418 p.) 225 1 $aEnvironmental humanities series 311 $a1-55458-905-3 311 $a1-299-96460-5 320 $aIncludes bibliographical references and index. 327 $aIntroduction: Journey into the zone of cinema -- Ecology, morphology, semiosis: A process-relational account of the cinema -- Territory: The geomorphology of the visible -- Encounter: First contact, utopia, and the becoming of another -- Anima Moralia: Journeys across frontiers -- Terra and trauma: The geopolitics of the real -- Afterword: Digital futures in a biosemiotic world. 330 $a"Moving images take us on mental and emotional journeys, over the course of which we and our worlds undergo change. This is the premise of Ecologies of the Moving Image, which accounts for the ways cinematic moving images move viewers in ways that reshape our understanding of ourselves, of life, and of the Earth and universe. This book presents an ecophilosophy of the cinema: an account of the moving image in relation to its lived ecologies--the material, social, and perceptual relations within which movies are produced, consumed, and incorporated into cultural life. Cinema, Adrian Ivakhiv argues, lures us into its worlds, but those worlds are grounded in a material and communicative Earth that supports them, even if that supporting materiality withdraws from visibility. Ivakhiv examines the geographies, visualities, and anthropologies--relations of here and there, seer and seen, us and them, human and inhuman--found across a range of styles and genres, from ethnographic and wildlife documentaries to westerns and road movies, and from sci-fi blockbusters and eco-disaster films to the experimental and art films of Tarkovsky, Herzog, Greenaway, Malick, Dash, and Brakhage as well as YouTube's expanding audiovisual universe. Through its process-relational account of cinema, drawn from philosophers such as Whitehead, Peirce, and Deleuze, the book boldly enriches our understanding of film and visual media."--Publisher's website. 410 0$aEnvironmental humanities series. 606 $aMotion pictures$xPhilosophy 606 $aMotion pictures$xPsychological aspects 606 $aMotion pictures$xSocial aspects 608 $aElectronic books. 610 $aEcocriticism. 610 $aEcophilosophy. 610 $aFilm studies. 610 $aFilm-philosophy. 610 $aPeirce. 610 $aWhitehead. 615 0$aMotion pictures$xPhilosophy. 615 0$aMotion pictures$xPsychological aspects. 615 0$aMotion pictures$xSocial aspects. 676 $a791.4366 700 $aIvakhiv$b Adrian J$0947728 801 0$bMdBmJHUP 801 1$bMdBmJHUP 906 $aBOOK 912 $a9910154966903321 996 $aEcologies of the Moving Image$92141647 997 $aUNINA